| 000 | 00666nam a2200217Ia 4500 | ||
|---|---|---|---|
| 003 | GCL | ||
| 008 | 140319s9999 xx 000 0 ara d | ||
| 040 |
_aGCL / _cGCL |
||
| 082 | 0 | 4 |
_aط _b520 _bم م |
| 100 | 1 | _aمراد ابراهيم الدسوقى | |
| 245 | 1 | 0 |
_aموسوعة علوم الفضاء الميسرة / _cمراد ابراهيم الدسوقى |
| 260 |
_a[S.N] : _bدار الكتاب المصرى ، _c1993 |
||
| 300 | _aمتعدد | ||
| 490 | _a | ||
| 650 | 0 | 4 | _aالفضاء |
| 650 | 0 | 4 | _aالاطفال |
| 650 | 0 | 4 | _aقصص الاطفال |
| 650 | 0 | 4 | _aسفن الفضاء |
| 650 | 0 | 4 | _aالاقمار الصناعية |
| 942 |
_2ddc _cBK |
||
| 999 |
_c27767 _d27767 |
||